Elementary surveying : (Record no. 17303)

MARC details
000 -LEADER
fixed length control field 01422nam a22003731i 4500
001 - CONTROL NUMBER
control field 015827918
003 - CONTROL NUMBER IDENTIFIER
control field EG-ScBUE
005 - DATE AND TIME OF LATEST TRANSACTION
control field 20241222110549.0
008 - FIXED-LENGTH DATA ELEMENTS--GENERAL INFORMATION
fixed length control field 120223t2011 maua f b 001 0 eng d
020 ## - INTERNATIONAL STANDARD BOOK NUMBER
International Standard Book Number 0273751441 (pbk.)
020 ## - INTERNATIONAL STANDARD BOOK NUMBER
International Standard Book Number 9780273751441 (pbk.)
040 ## - CATALOGING SOURCE
Original cataloging agency EG-ScBUE
Language of cataloging eng
Description conventions rda
Transcribing agency EG-ScBUE
Modifying agency EG-ScBUE
082 04 - DEWEY DECIMAL CLASSIFICATION NUMBER
Classification number 526.9
Edition number 22
Item number GHI
100 1# - MAIN ENTRY--PERSONAL NAME
Personal name Ghilani, Charles D.,
Relator term author.
9 (RLIN) 32635
245 10 - TITLE STATEMENT
Title Elementary surveying :
Remainder of title an introduction to geomatics /
Statement of responsibility, etc Charles D. Ghilani, The Pennsylvania State University, Paul R. Wolf, professor emeritus, civil and environmental engineering, University of Wisconsin-Madison, ; contributions by K. Srinivasa Raju, Anna University-Chennai.
250 ## - EDITION STATEMENT
Edition statement Thirteenth edition.
250 ## - EDITION STATEMENT
Edition statement International edition.
264 #1 - PUBLICATION, DISTRIBUTION, ETC. (IMPRINT)
Place of publication, distribution, etc Boston, United States :
Name of publisher, distributor, etc Pearson Prentice Hall,
Date of publication, distribution, etc [2011]
264 #4 - PUBLICATION, DISTRIBUTION, ETC. (IMPRINT)
Date of publication, distribution, etc c2011
300 ## - PHYSICAL DESCRIPTION
Extent 978 pages :
Other physical details illustrations ;
Dimensions 23 cm
336 ## - CONTENT TYPE
Source rdacontent
Content type term text
Content type code txt
337 ## - MEDIA TYPE
Media type term unmediated
Source rdamedia
Media type code n
338 ## - CARRIER TYPE
Carrier type term volume
Carrier type code nc
Source rdacarrier
504 ## - BIBLIOGRAPHY, ETC. NOTE
Bibliography, etc Includes bibliographical references and index.<br/>
650 #7 - SUBJECT ADDED ENTRY--TOPICAL TERM
Topical term or geographic name as entry element Surveying.
9 (RLIN) 32636
Source of heading or term BUEsh
650 #7 - SUBJECT ADDED ENTRY--TOPICAL TERM
Topical term or geographic name as entry element Geomatics.
9 (RLIN) 32637
Source of heading or term BUEsh
651 ## - SUBJECT ADDED ENTRY--GEOGRAPHIC NAME
Source of heading or term BUEsh
653 ## - INDEX TERM--UNCONTROLLED
Arrived date list February2013
653 ## - INDEX TERM--UNCONTROLLED
Arrived date list November2013
-- December2013
655 ## - INDEX TERM--GENRE/FORM
Form subdivision Reading book
9 (RLIN) 34232
700 1# - ADDED ENTRY--PERSONAL NAME
Personal name Wolf, Paul R.,
Relator term author.
9 (RLIN) 32638
700 1# - ADDED ENTRY--PERSONAL NAME
Personal name Srinivasa Raju, K.,
Relator term author.
9 (RLIN) 32639
942 ## - ADDED ENTRY ELEMENTS (KOHA)
Source of classification or shelving scheme Dewey Decimal Classification
Koha item type Book - Borrowing
Holdings
Withdrawn status Lost status Source of classification or shelving scheme Damaged status Not for loan Collection code Home library Current library Shelving location Date acquired Source of acquisition Total Checkouts Full call number Barcode Date last seen Price effective from Koha item type Total Renewals Date checked out
    Dewey Decimal Classification     Baccah Central Library Central Library First floor 18/02/2013 Purchase   526.9 GHI 000028289 15/07/2025 18/02/2013 NB - Book (Non borrowing)    
    Dewey Decimal Classification     Baccah Central Library Central Library First floor 18/02/2013 Purchase 1 526.9 GHI 000028290 11/06/2024 18/02/2013 Book - Borrowing 11 26/02/2017
    Dewey Decimal Classification     Baccah Central Library Central Library First floor 18/02/2013 Purchase   526.9 GHI 000028291 15/07/2025 18/02/2013 Book - Borrowing    
    Dewey Decimal Classification     Baccah Central Library Central Library First floor 10/10/2013 Purchase 1 526.9 GHI 000029383 15/07/2025 10/10/2013 Book - Borrowing 24 17/11/2013
    Dewey Decimal Classification     Baccah Central Library Central Library First floor 10/10/2013 Purchase 1 526.9 GHI 000029384 15/07/2025 10/10/2013 Book - Borrowing 19 07/03/2016
    Dewey Decimal Classification     Baccah Central Library Central Library First floor 02/11/2013 Purchase 1 526.9 GHI 000029582 15/07/2025 02/11/2013 Book - Borrowing 7 20/04/2015
    Dewey Decimal Classification     Baccah Central Library Central Library First floor 04/12/2013 Purchase 1 526.9 GHI 000029686 15/07/2025 04/12/2013 Book - Borrowing 52 22/12/2020